Characterization of distributions by the method of intensively monotone operators

Αποθηκεύτηκε σε:
Λεπτομέρειες βιβλιογραφικής εγγραφής
Κύριος συγγραφέας: Kakosyan, Ashot V. 1948-
Άλλοι συγγραφείς: Klebanov, Leo B. 1946-, Melamed, Joseph A.
Μορφή: Βιβλίο
Γλώσσα:English
Δημοσίευση: Berlin : Springer-Verlag, 1984
Σειρά:Lecture notes in mathematics (Springer-Verlag) ; 1088
Θέματα:
Ετικέτες: Προσθήκη ετικέτας
Δεν υπάρχουν, Καταχωρήστε ετικέτα πρώτοι!

MARC

LEADER 00000nam a2200000 i 4500
001 1/61981
008 941103s1984 eng d
020 |a 3-540-13857-9 
035 |a 1993  |l 10046531 
040 |a GR-MY-UA  |b gre  |e aacr 
041 0 |a eng 
082 0 |a 519.5 
100 1 |a Kakosyan, Ashot V.  |d 1948- 
245 1 0 |a Characterization of distributions by the method of intensively monotone operators /  |c Ashot V. Kakosyan, Leo B. Klebanov, Joseph A. Melamed 
260 |a Berlin :   |b Springer-Verlag,   |c 1984 
300 |a x, 175 p.;  |c 25 cm. 
490 1 |a Lecture notes in mathematics (Springer-Verlag)  |v ; 1088 
500 |a Includes bibliographical references and index 
650 0 0 |a Distribution (Probability theory) 
650 0 0 |a Monotone operators. 
700 1 |a Klebanov, Leo B.  |d 1946- 
700 1 |a Melamed, Joseph A. 
830 0 |a Lecture notes in mathematics (Springer-Verlag)  |v ; 1088 
852 |a INST  |b SAMOS  |e 19941103  |h 519.5 KAK  |p 005300007013  |q 005300007013  |t BK  |y 0 
909 |a Σ  |b 028939